| 000 | 00744cam a22002053a 4500 | ||
|---|---|---|---|
| 001 | 44548 | ||
| 003 | PGUSA | ||
| 005 | 20140828084022.0 | ||
| 008 | 131231s2013||||xxu|||||s|||||000 | eng d | ||
| 040 |
_aPGUSA _beng |
||
| 042 | _adc | ||
| 100 | 1 |
_aMichie, Alexander, _d1833-1902 |
|
| 245 | 1 | 4 |
_aThe Englishman in China During the Victorian Era, Vol. II (of 2) : _bAs Illustrated in the Career of Sir Rutherford Alcock, K.C.B., D.C.L., Many Years Consul and Minister in China and Japan _h[electronic resource] / _cAlexander Michie |
| 260 |
_bProject Gutenberg, _c2013 |
||
| 506 | _aPublic domain in the USA. | ||
| 516 | _aElectronic text | ||
| 830 | 0 |
_aProject Gutenberg _v44548 |
|
| 856 | 4 | 0 | _uhttp://www.gutenberg.org/ebooks/44548 |
| 942 | _cEB | ||
| 999 |
_c273799 _d273799 |
||